000 00472cam a22001814a 4500
005 20250605164114.0
008 250528s ||||||||||||||||||||||||d
035 _a17998
040 _aGR-AtMCL
_bgre
_dGR-AtMCL
_eAACR2
245 1 _aΗ ΑΠΕΛΕΥΘΕΡΩΣΗ ΤΟΥ ΕΓΩ
250 _a1
260 _bΜπουκουμάνης,
_c1975
300 _a147
700 1 _aΓαλανος Γιαννης Γ
_94323
942 _cBK
999 _c3390
_d3390